O gorro vermelho (Registo nº 17307)

Detalhes MARC
000 -Etiqueta do registo
campo de controlo de comprimento fixo 005740000a22002050004500
001 - Identificador do registo
Campo de controlo 17307
010 ## - ISBN
Número (ISBN) 972-21-1514-6
100 ## - Dados Gerais de Proc.
Dados gerais de processamento 20050502d2002 d y0pory5003 ba
101 0# - Língua da publicação
Língua do texto, banda sonora, etc. Português
102 ## - País de Publicação
País de publicação Portugal
200 1# - Título
Título próprio O gorro vermelho
Primeira menção de responsabilidade Ana Saldanha
210 ## - Publicação, Distribuição
Lugar da edição, distribuição, etc. Lisboa
Nome do editor, distribuidor, etc. Caminho
Data da publicação, distribuição, etc. 2002
215 ## - Descrição física
Descrição física 95 p
225 2# - Colecção
Título próprio da colecção Era uma vez... outra vez
Indicação de volume 2
675 ## - CDU
Notação 087.5
Edição BN
Língua da edição Português
675 ## - CDU
Notação 821.134.3-31"19"
Edição BN
Língua da edição Português
700 #1 - Responsabilidade principal
Palavra de ordem Saldanha
Outra parte do nome Ana
Datas 1959-
090 ## - Números de controlo do sistema (Koha)
Número biblioitem do Koha (gerado automaticamente) 17307
942 ## - Elementos de entrada adicionados (Koha)
Tipo de item no Koha Monografias
Suprimido Disponível no OPAC
999 ## - Campo local
Campo local 17307
-- Bibliobase - BMTAV
-- 2019-01-21
Exemplares
Perdido (estado) Data de aquisição Origem do registo (biblioteca) (codificado) Código da organização que empresta ou é detentora (biblioteca) Código de barras Cota Tipo de circulação (não pode ser emprestado) Tipo de item e material
Disponível 2005-05-02 Biblioteca Municipal Álvaro de Campos Biblioteca Municipal Álvaro de Campos BMTAV32942 MJ5 SAL Normal Monografias